Responses for Show #8614 - Thursday, April 7, 2022

Mattea Roach game 3.

Contestants

[<< previous game]

Reagan White, a college student from Manahawkin, New Jersey

Mike Janela, a sportscaster from Astoria, New York

Mattea Roach, a tutor from Toronto, Ontario, Canada (whose 2-day cash winnings total $70,801)

[next game >>]

Jeopardy! Round responses

WORLD WAR II
LITERATURE FOR YOUNGER READERS
COMPUTERS & THE INTERNET
PALINDROMIC WORDS
BALLPARK
FIGURE
    $200 1
gold

Mattea
    $200 4
Hansel & Gretel

Reagan
    $200 30
Chrome

Mattea
    $200 23
a nun

Mike
    $200 17
Fenway Park

Mike
    $200 9
infinity

Mattea
    $400 2
Poland

Triple Stumper
    $400 5
the Cat in the Hat

Mattea
    $400 29
malware

Reagan
    $400 25
bob

Mattea
    $400 16
the (San Francisco) Giants

Mike
    $400 10
Tale

Mattea
    $600 3
(Mike: What's Berlin?)
(Mattea: What is Rome?)

Tokyo

MatteaMike
Triple Stumper
    $600 6
E.B. White

Mattea
    $2,200 18
(Mike: Regretting this wager... What is a...)
[The time expiry signal sounds.]
(Mike: ...curtain?)

wallpaper

Mike
    $600 26
sus

Mattea
    $600 15
(Mayim: As a sportscaster, I'm glad you got those right.)

(George) Steinbrenner

Mike
    $600 11
oval

Mattea
    $800 20
the Netherlands

Mattea
    $800 7
Mowgli

Reagan
    $800 19
(Mike: What is antivirus?)

a firewall

Mike
Triple Stumper
    $800 27
Tet

Mattea
    $800 14
the (Arizona) Diamondbacks

Mike
    $800 12
a spiral

Mike
    $1000 21
Lend-Lease

Mattea
    $1000 8
the Red Fern

Mattea
    $1000 24
threads

Reagan
    $1000 28
(Mayim: You're gonna make me say it? It's [*].)
[Mild laughter]

the poop

Triple Stumper
    $1000 13
(Reagan: What is Chicago?)

Oriole Park

Reagan
Triple Stumper
    $1000 22
meander

Reagan

Scores at the first commercial break (after clue 15):

Mattea Mike Reagan
$2,800 $1,600 $0

Scores at the end of the Jeopardy! Round:

Mattea Mike Reagan
$6,600 -$600 $2,400

Double Jeopardy! Round responses

THAT PAINTING HAS A TITLE
IN THE CITY
QUOTE-POURRI
THE AWFUL SOUND OF MUSIC
DOCUMENTARIES
WHO WANTS DESSERT?
    $400 30
Mural

Reagan
    $400 5
Memphis

Reagan
    $400 28
souls

Reagan
    $400 17
pitchy

Mike
    $400 11
the World Trade Center

Reagan
    $400 18
souffle

Reagan
    $800 22
Washington Crossing the Delaware

Reagan
    $800 3
Montreal

Mattea
    $800 10
(Reagan: Who is Sun Tzu?)

Mao Zedong

MatteaReagan
    $800 16
[Mattea gives both and Mayim acknowledges either is acceptable.]

monotone (or monotonous)

Mattea
    $800 12
(Mike: What is Ford?)

General Motors

MikeReagan
    $800 29
Funfetti (Confetti)

Reagan
    $1200 24
Primavera

Mattea
    $1200 1
Munich

Mattea
    $1200 9
a pearl

Triple Stumper
    $1200 8
tone-deaf

Mike
    $1200 13
Selma Blair

Reagan
    $1200 19
key lime pie

Reagan
    $2,000 23
(Reagan: Unfortunately, I got nothing.)

The Blue Boy

Reagan
    $1600 2
Madrid

Mike
    $3,000 26
Wounded Knee

Mattea
    $1600 6
shrill

Reagan
    $1600 14
McMillions

Triple Stumper
    $1600 20
trifle

Reagan
    $2000 25
Faith

Triple Stumper
    $2000 4
Mumbai

Triple Stumper
    $2000 27
Howards End

Triple Stumper
    $2000 7
cacophony

Reagan
    $2000 15
(Mayim: [Imitating Schwarzenegger] [*].)
[Light laughter]

Pumping Iron

Triple Stumper
    $2000 21
the Philippines

Mattea

Scores at the end of the Double Jeopardy! Round:

Mattea Mike Reagan
$16,400 $1,800 $11,600

[wagering suggestions for these scores]

Final Jeopardy! Round responses

INVENTIONS
(Mayim: In fashion, [*] wasn't sticky enough to keep bras fastened and petticoats from falling off, but in aerospace, it secures floor coverings and miles of cables.)
MikeWhat is I'm going to lose but the Mets will win it all this year?
$7
ReaganWhat is pantyhose?
$11,600
MatteaWhat is rayon nylon?
$6,801
Velcro

Final scores:

Mattea Mike Reagan
$9,599 $1,793 $0
3-day champion: $80,400 2nd place: $2,000 3rd place: $1,000

Game dynamics:

Coryat scores:

Mattea Mike Reagan
$15,000 $4,000 $13,600
20 R
(including 1 DD),
1 W
9 R,
4 W
(including 1 DD)
18 R,
3 W
(including 1 DD)

Combined Coryat: $32,600

[game clues] [game scores] [suggest correction]

Game tape date: 2022-01-27
The J! Archive is created by fans, for fans. Scraping, republication, monetization, and malicious use prohibited; this site may use cookies and collect identifying information. See terms. The Jeopardy! game show and all elements thereof, including but not limited to copyright and trademark thereto, are the property of Jeopardy Productions, Inc. and are protected under law. This website is not affiliated with, sponsored by, or operated by Jeopardy Productions, Inc. Join the discussion at JBoard.tv.